Statistics for Top 10 NBA Game Played Per Decade

Click here to take the quiz!

General Stats

  • This quiz has been taken 63 times
    (12 since last reset)
  • The average score is 21 of 81

Answer Stats

DecadePlayerG% Correct
2010sDeAndre Jordan766
100%
2000sDirk Nowitzki792
67%
2010sRussell Westbrook739
67%
1990sA.C. Green789
58%
2010sAmir Johnson735
58%
1950sBob Cousy615
58%
1980sDennis Johnson783
58%
1960sJohnny Green756
58%
1990sKarl Malone785
58%
2000sKevin Garnett769
58%
1980sMoses Malone778
58%
2000sPaul Pierce765
58%
1980sRobert Parish786
58%
2000sTim Duncan767
58%
1960sBill Russell776
50%
2010sJames Harden765
50%
2000sJason Kidd760
50%
1990sJohn Stockton766
50%
1980sKareem Abdul-Jabbar787
50%
1970sKareem Abdul-Jabbar773
50%
1960sWilt Chamberlain787
50%
1970sBingo Smith787
42%
2020sGrant Williams288
42%
1990sMark Jackson772
42%
2020sMikal Bridges310
42%
2020sNikola Jokić288
42%
1960sSam Jones744
42%
2010sThaddeus Young752
42%
2020sTyus Jones288
42%
2000sAndre Miller815
33%
1990sClifford Robinson774
33%
1990sReggie Miller776
33%
1970sWes Unseld757
33%
2010sDeMar DeRozan752
25%
1950sDolph Schayes696
25%
1970sElvin Hayes815
25%
2020sIvica Zubac296
25%
2000sJason Terry800
25%
1980sMichael Cooper790
25%
1980sAlex English811
17%
2020sBuddy Hield304
17%
1960sHal Greer774
17%
1990sJeff Hornacek760
17%
1970sJo Jo White746
17%
1990sSam Mitchell772
17%
2010sSerge Ibaka753
17%
1950sSlater Martin681
17%
1950sVern Mikkelsen699
17%
1960sBailey Howell786
8%
2000sBruce Bowen781
8%
1970sGail Goodrich729
8%
2020sHarrison Barnes289
8%
1950sJack Coleman633
8%
1980sJack Sikma795
8%
1950sLarry Foust620
8%
2000sMichael Finley760
8%
1960sRudy LaRusso736
8%
1970sBob Dandridge760
0%
1950sBob Harrison615
0%
1980sDave Corzine798
0%
1950sDick McGuire670
0%
1970sDick Snyder753
0%
2010sD.J. Augustin735
0%
1950sEd Macauley641
0%
2020sGeorges Niang 292
0%
1960sGuy Rodgers783
0%
1950sHarry Gallatin630
0%
1990sHersey Hawkins784
0%
1950sJoe Graboski621
0%
2020sKentavious Caldwell-Pope289
0%
2010sMarcin Gortat737
0%
1970sNorm Van Lier746
0%
1970sPaul Silas809
0%
2000sRasho Nesterović767
0%
1980sReggie Theus787
0%
2020sRoyce O'Neale295
0%
2010sTaj Gibson737
0%
1980sTerry Tyler789
0%
1960sTom Hawkins764
0%
1990sTyrone Corbin756
0%
1960sWayne Embry765
0%

Score Distribution

Percentile by Number Answered

Percent of People with Each Score

Your Score History

You have not taken this quiz since the last reset